Chemical Compounds by Formula - Statistics

General Stats
  • This quiz has been taken 785 times
    550 since last reset
  • The average score is 8 of 11
Answer Stats
Formula Compound % Correct
H2O Water
99%
NaCl Salt
83%
H2 Hydrogen Gas
82%
CO Carbon Monoxide
74%
CH4 Methane
73%
O3 Ozone
71%
C6H12O6 Glucose
68%
CaCO3 Calcium Carbonate
67%
OH Hydroxide
60%
C2H5OH Ethanol
45%
C10H20 Decene
29%
No matching quizzes found
Score Distribution
Percent of People with Each Score
Percentile by Number Answered
Your Score History
You have not taken this quiz since the last reset